载入...
Basic statistics: tables of distributions
| 主要作者: | |
|---|---|
| 其他作者: | |
| 格式: | Printed Book |
| 语言: | Undetermined English |
| 出版: |
California
Brooks Cole publishing
1976
|
| 主题: |
| LEADER | 00607nam a2200193Ia 4500 | ||
|---|---|---|---|
| 008 | 140306s9999 xx 000 0 und d | ||
| 041 | |a eng | ||
| 082 | |a 519 |b SPA/BA | ||
| 100 | |a Johnston, J.o | ||
| 700 | |a Spatz, C | ||
| 245 | |a Basic statistics: tables of distributions | ||
| 260 | |a California |b Brooks Cole publishing |c 1976 | ||
| 300 | |a 376 | ||
| 365 | |b Rs.126 | ||
| 650 | |a Correlation | ||
| 650 | |a Regression | ||
| 942 | |2 ddc |c BK | ||
| 999 | |c 118778 |d 118778 | ||
| 952 | |0 0 |1 0 |2 ddc |4 0 |6 519_000000000000000_SPABA |7 0 |9 117848 |a KAUHCV |b KAUHCV |d 2004-05-04 |g 126.00 |o 519 SPA/BA |p KAU_HCV-8876 |r 2014-03-22 |w 2014-03-22 |y BK | ||